000 00554nam a2200193Ii 4500
003 JO-AjNU
008 230605s9999||||xx |||||||||||||| ||und||
040 _aJO-AjNU
_bara
_erda
_cJO-AjNU
041 _aara
050 1 4 _aUG1530 1986
100 3 _aاعداد معتوق، عاطف ,
_eauthor
_919442
245 0 0 _aحرب النجوم
264 3 1 _a1986
300 _a198ص
_bصور توضيحية
336 _atext
_btxt
_2rdacontent
337 _aunmediated
_bn
_2rdamedia
338 _avolume
_bnc
_2rdacarrier
650 4 _aالنجوم-حرب
_919443
999 _aA6417
_c9985
_d9985